| 000 | 00899nas a2200265 4500 | ||
|---|---|---|---|
| 001 | BR8805765 | ||
| 003 | BR-BrBNA | ||
| 005 | 20231205091319.0 | ||
| 007 | ta | ||
| 008 | 230509b bl.|||p| |||| 00| 00por d | ||
| 040 |
_aBR-BrBNA _bpor _cBiblioteca Nacional de Agricultura |
||
| 041 | _a(Pt) | ||
| 072 | _aL53 | ||
| 100 | 1 | _aNunes, J.F. | |
| 245 | 1 | _aFatores que influenciam os aspectos quanti-qualitativos do semen de caprinos no Nordeste do Brasil | |
| 246 | 1 | _a[Factors also affecting quality characteristics in sperm production of goats in northeast of Brazil] | |
| 650 | _aCAPRINO | ||
| 650 | _aSEMEN | ||
| 650 | _aESPERMATOGENESE | ||
| 650 | _aVARIACAO SAZONAL | ||
| 650 | _aREGIAO NORDESTE | ||
| 773 | 0 |
_tRevista Brasileira de Reproducao Animal (Brazil) _xISSN 0102-0803 _g(1988), v. 12(2) p. 77-83 _wBR8805765 |
|
| 909 |
_a202311 _bLúcia _c55 _dLúcia Elande |
||
| 942 |
_2AGRIS _n0 _cANA |
||
| 999 |
_c124299 _d124299 |
||